000 01439cam a2200133 4500500
005 20260329082312.0
041 _afre
042 _adc
100 1 0 _aHay, Carol
_eauthor
245 0 0 _aPenser en féministe : Une révolution et sa philosophie
260 _bArmand Colin,
_c2022.
520 _aPassant en revue plus de deux cents ans de pensée féministe, ce titre audacieux propose une lecture du mouvement à la lumière d’éclairages philosophiques. Parmi les figures bien connues des bibliothèques françaises, on retrouve bien sûr Simone de Beauvoir, mais aussi Michel Foucault, Pascal ou Hubertine Auclert. Carol Hay revient sur la diversité des courants féministes, passés et actuels, leurs origines, leurs idées clés, et démêle leurs débats les plus récents, proposant des pistes de réflexion autour des questions fondamentales que sont l’origine des rôles genrés ou les liens entre le sexisme et d’autres formes d’oppression. À une époque où le mot féminisme déclenche toutes sortes de réactions, souvent contradictoires et mal informées, la philosophe donne à lire un examen clair et inspirant de ce que signifie être féministe aujourd’hui, sans se contenter d’analyses conceptuels mais proposant aussi des solutions à notre portée pour rendre les sociétés plus justes.
856 4 1 _uhttps://shs.cairn.info/penser-en-feministe--9782200633295?lang=fr&redirect-ssocas=7080
999 _c2027936
_d2027936